LEADER 01023cam0 22002891 450 001 SOBE00028131 005 20121024102636.0 100 $a20121024d1972 |||||ita|0103 ba 101 $aita 102 $aIT 200 1 $aContro la "questione meridionale"$estudio sulle origini dello sviluppo capitalistico in Italia$fEdmondo M. Capecelatro, Antonio Carlo 205 $a2. ed 210 $aRoma$cSamonā e Savelli$d1972 215 $a248 p.$d21 cm 225 2 $aSaggistica$v36 410 1$1001SOBE00046085$12001 $a*Saggistica$v36 700 1$aCapecelatro$b, Edmondo M.$3A600200039079$4070$0120451 701 1$aCarlo, Antonio$3A600200039080$4070$0343859 801 0$aIT$bUNISOB$c20121024$gRICA 850 $aUNISOB 852 $aUNISOB$j330$m16212 912 $aSOBE00028131 940 $aM 102 Monografia moderna SBN 941 $aM 957 $a330$b000066$gSI$d16212$1catenacci$2UNISOB$3UNISOB$420121024102640.0$520121024102659.0$6catenacci 996 $aContro la "questione meridionale"$9463781 997 $aUNISOB